every single pvz game - Statistics

General Stats
  • This quiz has been taken 18 times
    16 since last reset
  • The average score is 7 of 62
Answer Stats
Answer % Correct
PvZ
100%
PvZ 2
100%
PvZ 3
100%
PvZ Garden Warfare
75%
PvZ Garden Warfare 2
75%
PvZ Heroes
75%
PvZ Adventures
58%
PvZ Battle for Neighborville
58%
PvZ All Stars
17%
PvZ Great Wall Edition
8%
PvZ Journey to the West
8%
PvZ Online
8%
PvZ Risk
8%
Talking Zombatar
8%
Mr. zombie's called jam hsiao
0%
plants vs zombies 3D
0%
plants vs zombies 3D merge
0%
project hot tub
0%
pvz 2 action edition
0%
pvz 2 adventure
0%
pvz 2 all stars
0%
pvz 2 clan
0%
pvz 2 clash
0%
pvz 2 crit
0%
pvz 2 duty
0%
pvz 2 egypt
0%
pvz 2 evolve
0%
pvz 2 expedition
0%
pvz 2 fantasy
0%
pvz 2 food
0%
pvz 2 future
0%
pvz 2 garden
0%
pvz 2 glory
0%
pvz 2 guard
0%
pvz 2 guardian
0%
pvz 2 heroes
0%
pvz 2 king
0%
pvz 2 kingdom
0%
pvz 2 league
0%
pvz 2 legend
0%
pvz 2 madness
0%
pvz 2 madness
0%
pvz 2 odyssey
0%
pvz 2 reborn
0%
pvz 2 renaissance age
0%
pvz 2 revenge
0%
pvz 2 summon
0%
pvz 2 tang ping
0%
pvz 2 tencent edition
0%
pvz 2 ultimate battle
0%
pvz 2 unlimited
0%
pvz 2 warfare
0%
pvz 2 world
0%
pvz android tv edition
0%
pvz AR trading cards
0%
PvZ Magic Book
0%
PvZ Pinball
0%
PvZ Pinyin Adventure
0%
PvZ the Board Game
0%
Use Your Brainz EDU
0%
Zombie Match
0%
zombie paradise
0%
No matching quizzes found
Score Distribution
Percent of People with Each Score
Percentile by Number Answered
Your Score History
You have not taken this quiz since the last reset